QUIZ KTURY NIE ŁAMIĘ RZADNYCH ZASAD PSZEJŻYSTOŚCI - dla FirankiPL - Statistics

General Stats
  • This quiz has been taken 149 times
  • The average score is 4 of 9
Answer Stats
Hint Answer % Correct
najiwienksze pańśtwo świata rosja
98%
najlepszy kraj polska
90%
umiom grać w piłke norznom ale i tak pszegrali z niemcami 71 brazylia
61%
stworzyli tom strone https://www.google.pl/ usa
56%
podbili rosje mongolia
27%
państwo od kturego jak pojedziesz na północ to dotrzesz na antarktyde chile
18%
panśtwo na 6 liter wengry
5%
najstarszy kraj fjelga lehia
2%
najstarszy kraj fjelga lehia
2%
No matching quizzes found
Score Distribution
Percent of People with Each Score
Percentile by Number Answered
Your Score History
You have not taken this quiz